| 000 | 00895cam a2200265 i 4500 | ||
|---|---|---|---|
| 999 |
_c522677 _d522677 |
||
| 001 | 798233 | ||
| 003 | NUST | ||
| 005 | 20181229103311.0 | ||
| 008 | 750514r19741885pk c 001 0beng | ||
| 010 | _a 74930365 | ||
| 020 | _cRs50.00 | ||
| 038 | _awaseem | ||
| 040 |
_aDLC _cDLC _dDLC |
||
| 050 | 0 | 0 |
_aDS475.2.A5 _bG7 1974 |
| 082 | 0 | 0 |
_a954.030924 _bGRA |
| 100 | 1 |
_aGraham, George Farquhar Irving, _d1840- _912815 |
|
| 245 | 1 | 4 |
_aThe life and work of Sir Syed Ahmed Khan / _cby G. F. I. Graham ; with a new introd. by Zaituna Y. Umer. |
| 260 |
_aKarachi : _bOxford University Press, _c1979. |
||
| 300 |
_axvii, 298 p. : _bport. ; _c19 cm. |
||
| 500 | _aFirst edition published in 1885 by Blackwood of Edinburg. | ||
| 500 | _aIncludes index. | ||
| 600 | 2 | 0 |
_aAḥmad K̲h̲ān̲, Sayyid, _cSir, _d1817-1898. _912816 |
| 906 |
_a7 _bcbc _corignew _d4 _encip _f19 _gy-gencatlg |
||
| 942 |
_2ddc _cBK |
||